[Event "5th HD Bank Cup 2015"]
[Site "Ho Chi Minh City VIE"]
[Date "2015.03.18"]
[Round "3.37"]
[White "Tran, Le Dan Thuy"]
[Black "Frost, Peter"]
[Result "1-0"]
[WhiteTitle "WFM"]
[WhiteElo "2076"]
[BlackElo "1821"]
[WhiteFideId "12403407"]
[BlackFideId "3204634"]
[EventDate "2015.03.17"]

1. d4 Nf6 2. c4 g6 3. Nc3 Bg7 4. e4 d6 5. Nf3 O-O 6. Be2 e5 7. d5 a5 8. a3 Nbd7
9. O-O Nc5 10. Qc2 a4 11. Be3 b6 12. Nd2 Bd7 13. f4 exf4 14. Bxf4 Re8 15. Bf3
Ng4 16. Bxg4 Bxg4 17. Rae1 Qe7 18. h3 Bc8 19. Nf3 f6 20. Nd4 f5 21. Nc6 Qh4 22.
e5 dxe5 23. Nxe5 g5 24. Nf3 Bd4+ 25. Kh1 Rxe1 26. Rxe1 Qxf4 27. Ne2 Qe4 28.
Nexd4 Qxc2 29. Nxc2 Nd3 30. Re7 g4 31. Ng5 gxh3 32. gxh3 h6 33. Nh7 Ba6 34. Nd4
Bxc4 35. Nf6+ Kf8 36. Rxc7 Bxd5+ 37. Nxd5 Re8 38. Nxf5 Re5 39. Nfe7 Re2 40. Ng6+
Ke8 41. Nf6+ Kd8 42. Rd7+ Kc8 43. Rxd3 Rxb2 44. Rd7 Rf2 45. Ne7+ Kb8 46. Nfd5
Rc2 47. Nb4 1-0

[Event "5th HD Bank Cup 2015"]
[Site "Ho Chi Minh City VIE"]
[Date "2015.03.18"]
[Round "3.38"]
[White "Nguyen, Tan Thinh"]
[Black "Truong, Anh Kiet"]
[Result "1-0"]
[WhiteElo "1990"]
[BlackElo "1766"]
[WhiteFideId "12403458"]
[BlackFideId "12405990"]
[EventDate "2015.03.17"]

1. e4 c5 2. Nf3 d6 3. d4 cxd4 4. Nxd4 Nf6 5. Nc3 g6 6. Be3 Bg7 7. f3 O-O 8. Qd2
Nc6 9. Bc4 Bd7 10. Bb3 Rc8 11. O-O-O Ne5 12. g4 a6 13. h4 h5 14. gxh5 Nxh5 15.
Bh6 Qa5 16. Bxg7 Kxg7 17. Rdg1 Nc4 18. Bxc4 Rxc4 19. Rg5 Qb4 20. Rxh5 Rxd4 21.
Qh6+ Kf6 22. Qxf8 1-0

[Event "5th HD Bank Cup 2015"]
[Site "Ho Chi Minh City VIE"]
[Date "2015.03.18"]
[Round "3.39"]
[White "Le, Minh Tu"]
[Black "Lee, Kyungseok"]
[Result "1-0"]
[WhiteTitle "FM"]
[WhiteElo "1810"]
[BlackElo "1959"]
[WhiteFideId "12404888"]
[BlackFideId "13202154"]
[EventDate "2015.03.17"]

1. d4 Nf6 2. Nf3 e6 3. Bg5 d5 4. e3 Be7 5. c4 O-O 6. Nc3 h6 7. Bh4 b6 8. Bd3 Bb7
9. O-O c5 10. cxd5 exd5 11. Rc1 Nbd7 12. dxc5 Nxc5 13. Be2 Nce4 14. Nb5 a6 15.
Nbd4 Qd7 16. Ne5 Qd6 17. Nec6 g6 18. Bd3 Rfc8 19. Nxe7+ Qxe7 20. Qe2 Nc5 21. Bb1
Kg7 22. Rfd1 Nce4 23. Bd3 Nc5 24. Bf5 Ne6 25. Rxc8 Rxc8 26. Qd3 Nc5 27. Qa3 Re8
28. Rc1 Ne6 29. Qxe7 Rxe7 30. Bxe6 fxe6 31. Nxe6+ Kf7 32. Nd8+ Kg7 33. Nxb7 Rxb7
34. Bxf6+ Kxf6 35. Rc6+ Kf5 36. Kf1 h5 37. Ke2 g5 38. Kd3 Ke5 39. Rc8 g4 40. Rh8
Rf7 41. Rxh5+ Kd6 42. Rh6+ Kc5 43. Ke2 Rg7 44. Rh5 b5 45. e4 Kd4 46. Rxd5+ Kxe4
47. Rd6 Rc7 48. Kd2 Rf7 49. f3+ gxf3 50. gxf3+ Rxf3 51. Rxa6 Kd4 52. Rd6+ Kc4
53. Kc2 Rh3 54. Rd2 b4 55. Rg2 Kc5 56. Rg3 Rxh2+ 57. Kb3 Rh4 58. Rg5+ Kb6 59.
Ka4 Kc6 60. Rg2 Rc4 61. Rg6+ Kc5 62. Rg8 Rh4 63. Rb8 b3+ 64. Kxb3 Kc6 65. Rc8+
Kb7 66. Rc3 Rh6 67. a4 Ka6 68. Ka3 Rg6 69. b4 Rh6 70. Rg3 Rf6 71. Kb3 Rh6 72. a5
Kb5 73. Rg5+ Ka6 74. Ka4 Rh1 75. Rg6+ Kb7 76. a6+ Ka7 77. Ka5 Rb1 78. Rg7+ 1-0

[Event "5th HD Bank Cup 2015"]
[Site "Ho Chi Minh City VIE"]
[Date "2015.03.18"]
[Round "3.40"]
[White "Kuich, Gero"]
[Black "Tran, Thi Mong Thu"]
[Result "0-1"]
[WhiteElo "1763"]
[BlackElo "1934"]
[WhiteFideId "1322079"]
[BlackFideId "12403415"]
[EventDate "2015.03.17"]

1. d4 d5 2. c4 c6 3. Nf3 Nf6 4. Nbd2 Bf5 5. g3 e6 6. Bg2 Nbd7 7. O-O h6 8. b3
Bd6 9. Bb2 O-O 10. Re1 Re8 11. Nh4 Bh7 12. e4 dxe4 13. Nxe4 Be7 14. Nxf6+ Bxf6
15. Nf3 Qc7 16. Re2 Rad8 17. Rc1 Nc5 18. Rd2 Ne4 19. Re2 Nd6 20. d5 Bxb2 21.
Rxb2 exd5 22. cxd5 Qb6 23. Rd2 Ne4 24. Re2 cxd5 25. Nd2 Nf6 26. Rxe8+ Rxe8 27.
Nf3 Be4 28. Qd2 Qd6 29. Qd4 a6 30. Qc5 Qe6 31. Nd4 Qe5 32. Re1 Qb8 33. Rc1 Bxg2
34. Kxg2 Qe5 35. Nf3 Qh5 36. Rc2 Qg4 37. Qd4 Re4 38. Qb6 Nh5 39. Ng1 Nf4+ 40.
Kh1 Re1 41. Rc3 Rxg1+ 0-1

[Event "5th HD Bank Cup 2015"]
[Site "Ho Chi Minh City VIE"]
[Date "2015.03.19"]
[Round "4.1"]
[White "Le, Quang Liem"]
[Black "Zhang, Zhong"]
[Result "1-0"]
[WhiteTitle "GM"]
[BlackTitle "GM"]
[WhiteElo "2676"]
[BlackElo "2614"]
[WhiteFideId "12401137"]
[BlackFideId "8600694"]
[EventDate "2015.03.17"]

1. d4 Nf6 2. c4 e6 3. Nc3 Bb4 4. e3 O-O 5. Ne2 d5 6. a3 Be7 7. cxd5 exd5 8. Nf4
c6 9. Bd3 Na6 10. O-O Nc7 11. f3 Bd6 12. Bc2 c5 13. dxc5 Bxc5 14. b4 Bd6 15. Bb2
a5 16. Qd3 g6 17. Rad1 Bf5 18. e4 Bxf4 19. exf5 Qd6 20. Ne4 Nxe4 21. fxe4 Bxh2+
22. Kh1 Be5 23. Bxe5 Qxe5 24. exd5 Qd6 25. Qh3 axb4 26. axb4 Ra2 27. Bb1 Rb2 28.
fxg6 hxg6 29. Bxg6 Qxg6 30. Rd3 Rxb4 31. Rg3 Rb6 32. Rf5 Ne8 33. Rh5 Qxg3 34.
Qxg3+ Rg6 35. Qe5 Ng7 36. Rh4 Rd8 37. Qh2 1-0

[Event "5th HD Bank Cup 2015"]
[Site "Ho Chi Minh City VIE"]
[Date "2015.03.19"]
[Round "4.3"]
[White "Rakhmanov, Aleksandr"]
[Black "Dao, Thien Hai"]
[Result "0-1"]
[WhiteTitle "GM"]
[BlackTitle "GM"]
[WhiteElo "2639"]
[BlackElo "2482"]
[WhiteFideId "4173708"]
[BlackFideId "12400084"]
[EventDate "2015.03.17"]

1. c4 e5 2. Nf3 Nc6 3. d4 e4 4. Nfd2 Nxd4 5. Nxe4 Ne6 6. g3 Nf6 7. Nbc3 Nxe4 8.
Nxe4 Bb4+ 9. Bd2 Bxd2+ 10. Qxd2 O-O 11. Bg2 d6 12. Nc3 a5 13. O-O Nc5 14. b3 Re8
15. Rfe1 Bd7 16. e4 Bc6 17. Re3 Qd7 18. Rae1 f6 19. h4 Qf7 20. Nd5 b5 21. cxb5
Bxb5 22. e5 dxe5 23. Nxc7 Qxc7 24. Bxa8 Rd8 25. Bd5+ Kf8 26. Rc1 Qb6 27. Rec3
Ne6 28. Rc8 Ke7 29. Kg2 Rd6 30. f4 exf4 31. Re1 Bd7 32. Rc3 Qb5 33. Rd3 Rxd5 34.
Rxd5 Bc6 35. gxf4 Qxd5+ 36. Qxd5 Bxd5+ 37. Kg3 Kd6 38. f5 Nd4 39. Kf4 g6 40.
fxg6 hxg6 41. Re8 Ne6+ 42. Kg3 f5 43. Rh8 Ke5 44. Rh7 f4+ 45. Kf2 Nc5 46. Ra7
Nd3+ 47. Kf1 f3 48. Rxa5 Kd4 49. Ra6 Be4 50. Rf6 Ke3 51. Rf8 Bf5 52. h5 Bh3+ 53.
Kg1 gxh5 54. Kh2 f2 0-1

[Event "5th HD Bank Cup 2015"]
[Site "Ho Chi Minh City VIE"]
[Date "2015.03.19"]
[Round "4.4"]
[White "Nguyen, Duc Hoa"]
[Black "Tu, Hoang Thong"]
[Result "1-0"]
[WhiteTitle "GM"]
[BlackTitle "GM"]
[WhiteElo "2516"]
[BlackElo "2414"]
[WhiteFideId "12401358"]
[BlackFideId "12400076"]
[EventDate "2015.03.17"]

1. d4 e6 2. c4 f5 3. Nc3 Nf6 4. e3 b6 5. Nf3 Bb7 6. Bd3 Bb4 7. Bd2 O-O 8. a3
Bxc3 9. Bxc3 Ne4 10. Rc1 d6 11. O-O Nd7 12. Be1 Qf6 13. Nd2 Nxd2 14. Qxd2 f4 15.
f3 c5 16. Bf2 fxe3 17. Qxe3 Rae8 18. Rfd1 cxd4 19. Qxd4 e5 20. Qh4 e4 21. Bxe4
Bxe4 22. Qxf6 Rxf6 23. fxe4 Rxe4 24. Re1 Rfe6 25. Rcd1 Rxe1+ 26. Bxe1 Ne5 27. b3
Nd3 28. Bc3 Nc5 29. b4 Na4 30. Bd4 Re2 31. h3 Rc2 32. Be3 Nb2 33. Rxd6 Nxc4 34.
Rd8+ Kf7 35. Bf2 Rc1+ 36. Kh2 Rc2 37. Bg1 Rd2 38. Rc8 Nxa3 39. Rc7+ Kg8 40. Rxa7
Nc4 41. Rc7 b5 42. Bc5 Na3 43. Kg3 Nc2 44. Rb7 Ne1 45. Rxb5 Rxg2+ 46. Kf4 Nd3+
47. Ke4 Rg3 48. h4 Nxc5+ 49. bxc5 Rc3 50. Kd5 Rd3+ 51. Kc4 Rd1 52. c6 Rc1+ 53.
Kd5 Rd1+ 54. Ke6 Re1+ 55. Kd6 Kf7 56. c7 1-0

[Event "5th HD Bank Cup 2015"]
[Site "Ho Chi Minh City VIE"]
[Date "2015.03.19"]
[Round "4.5"]
[White "Laylo, Darwin"]
[Black "Dimakiling, Oliver"]
[Result "1-0"]
[WhiteTitle "GM"]
[BlackTitle "IM"]
[WhiteElo "2499"]
[BlackElo "2400"]
[WhiteFideId "5201330"]
[BlackFideId "5202248"]
[EventDate "2015.03.17"]

1. d4 Nf6 2. c4 e6 3. Nf3 d5 4. Nc3 Bb4 5. Bg5 dxc4 6. e4 b5 7. a4 c6 8. e5 h6
9. exf6 hxg5 10. fxg7 Rg8 11. h4 Nd7 12. Nxg5 Qf6 13. Be2 Nb6 14. Bf3 Nd5 15.
O-O Bxc3 16. bxc3 Rxg7 17. axb5 cxb5 18. Qb1 a6 19. Bxd5 exd5 20. Re1+ Kd7 21.
Ra2 Kc6 22. Re8 Kb7 23. Qb4 Bd7 24. Re7 Rd8 25. Qc5 Kb8 26. Ne6 1-0

[Event "5th HD Bank Cup 2015"]
[Site "Ho Chi Minh City VIE"]
[Date "2015.03.19"]
[Round "4.6"]
[White "Tran, Tuan Minh"]
[Black "Bersamina, Paulo"]
[Result "1/2-1/2"]
[WhiteTitle "IM"]
[BlackTitle "IM"]
[WhiteElo "2455"]
[BlackElo "2359"]
[WhiteFideId "12401820"]
[BlackFideId "5206995"]
[EventDate "2015.03.17"]

1. d4 Nf6 2. Bg5 Ne4 3. Bf4 Nc6 4. Nd2 Nxd2 5. Qxd2 d5 6. Nf3 f6 7. e3 Bf5 8.
Bd3 Bxd3 9. Qxd3 Qd7 10. Bg3 e6 11. a3 Bd6 12. c4 dxc4 13. Qxc4 Ne7 14. O-O Bxg3
15. hxg3 c6 16. Ne1 h5 17. Nd3 b6 18. a4 a5 19. Qb3 Rb8 20. Nc5 Qd5 21. Qxd5
exd5 22. Nd3 Kd7 23. Rfb1 Nf5 24. b4 axb4 25. Nxb4 Ra8 26. Nd3 Kc7 27. a5 bxa5
28. Nc5 Nd6 29. Ne6+ Kd7 30. Nc5+ Kc7 31. Ne6+ Kd7 32. Nc5+ Ke7 33. f3 Rhc8 34.
Kf2 g6 35. e4 dxe4 36. fxe4 Ra7 37. Ke3 Rd8 38. Ra4 Rc8 39. Kd3 Nb5 40. Rba1 1/2-1/2

[Event "5th HD Bank Cup 2015"]
[Site "Ho Chi Minh City VIE"]
[Date "2015.03.19"]
[Round "4.7"]
[White "Liu, Xiangyi"]
[Black "Nguyen, Ngoc Truong Son"]
[Result "0-1"]
[WhiteTitle "FM"]
[BlackTitle "GM"]
[WhiteElo "2380"]
[BlackElo "2659"]
[WhiteFideId "8605718"]
[BlackFideId "12401110"]
[EventDate "2015.03.17"]

1. e4 e6 2. d4 d5 3. exd5 exd5 4. Bd3 Nc6 5. c3 Bd6 6. h3 Nce7 7. Ne2 c6 8. Nd2
Bf5 9. Nf3 Qc7 10. Bg5 h6 11. Bh4 Be4 12. Bg3 Bxf3 13. gxf3 Nf6 14. Rg1 Nh5 15.
f4 O-O-O 16. f5 Rde8 17. Qc2 Nxg3 18. fxg3 Ng8 19. O-O-O Nf6 20. g4 Qe7 21. Qd2
Ne4 22. Bxe4 Qxe4 23. Ng3 Qe3 24. Nh5 g6 25. Nf6 Qxd2+ 26. Rxd2 Re3 27. h4 Bg3
28. Rh1 Kd8 29. fxg6 fxg6 30. Rdd1 Ke7 31. g5 hxg5 32. hxg5 Rxh1 33. Rxh1 Re1+
34. Rxe1+ Bxe1 35. Kd1 Bh4 36. Ng4 Bxg5 37. Ne5 Kf6 38. Nd7+ Kf5 39. Nc5 b6 40.
Nd3 Bf4 41. Nb4 g5 42. Nxc6 g4 43. Ke2 a5 44. a4 Ke4 45. b4 g3 46. bxa5 bxa5 47.
Kf1 Kf3 48. Ne5+ Ke4 49. Nc6 Bc7 50. Kg2 Kd3 51. Ne7 Kc4 52. Kf3 Bb8 53. Nc6 Bc7
54. Ne7 Bf4 55. Nc6 Kxc3 56. Nxa5 Kxd4 57. Nc6+ Kc5 58. Ne7 d4 59. Ng6 Bb8 60.
Nh4 d3 61. Ng2 Kd4 62. Ne3 d2 63. Ke2 Kc3 64. Kd1 Kd3 65. Ng2 Bc7 66. Nh4 Ba5
67. Ng2 Bb4 68. Nh4 Ke3 0-1

[Event "5th HD Bank Cup 2015"]
[Site "Ho Chi Minh City VIE"]
[Date "2015.03.19"]
[Round "4.8"]
[White "Yap, Kim Steven"]
[Black "Barbosa, Oliver"]
[Result "1/2-1/2"]
[WhiteTitle "IM"]
[BlackTitle "GM"]
[WhiteElo "2389"]
[BlackElo "2501"]
[WhiteFideId "5202809"]
[BlackFideId "5201640"]
[EventDate "2015.03.17"]

1. e4 c6 2. d4 d5 3. exd5 cxd5 4. Bd3 Nc6 5. c3 Nf6 6. h3 g6 7. Nf3 Bf5 8. Bxf5
gxf5 9. Bf4 e6 10. Qe2 Rg8 11. O-O Ne4 12. Nbd2 Bd6 13. Bxd6 Qxd6 14. Ne5 1/2-1/2

[Event "5th HD Bank Cup 2015"]
[Site "Ho Chi Minh City VIE"]
[Date "2015.03.19"]
[Round "4.9"]
[White "To, Nhat Minh"]
[Black "Diu, Viacheslav"]
[Result "1-0"]
[WhiteTitle "IM"]
[BlackTitle "IM"]
[WhiteElo "2323"]
[BlackElo "2457"]
[WhiteFideId "729019"]
[BlackFideId "4167465"]
[EventDate "2015.03.17"]

1. e4 c6 2. d4 d5 3. Nd2 dxe4 4. Nxe4 Bf5 5. Ng3 Bg6 6. h4 h6 7. Nf3 Nd7 8. h5
Bh7 9. Bd3 Bxd3 10. Qxd3 e6 11. Bd2 Ngf6 12. O-O-O Be7 13. Kb1 O-O 14. Ne4 Nxe4
15. Qxe4 Nf6 16. Qe2 Qd5 17. Be3 a5 18. Ne5 a4 19. f3 b5 20. g4 Nd7 21. Bc1 Rfd8
22. f4 Nxe5 23. dxe5 Qc4 24. Qxc4 bxc4 25. c3 Bc5 26. Kc2 Rd5 27. a3 Rad8 28.
Rde1 Rd3 29. Re4 Rg3 30. Rxc4 Rg2+ 31. Kb1 Bg1 32. Ka2 Rxg4 33. Rxa4 g5 34. fxg5
Rxa4 35. Rxg1 hxg5 36. Bxg5 Rd7 37. b4 Kh7 38. Kb3 Ra8 39. a4 Rd3 40. Bf6 Kh6
41. Rh1 Rf3 42. Rh4 Ra6 43. a5 Re3 44. Kc4 Rf3 45. Kd4 Ra7 46. c4 Rb3 47. Kc5
Rb7 48. Kxc6 R7xb4 49. c5 Rxh4 50. Bxh4 Kxh5 51. Bf6 Kg4 52. Kd6 Kf5 53. c6 Rd3+
54. Ke7 Rc3 55. Kd7 Rd3+ 56. Kc8 Ke4 57. c7 Kd5 58. Kd7 Ke4+ 59. Kc6 Rc3+ 60.
Kb7 Rb3+ 61. Kc8 Ra3 62. a6 Ra1 63. a7 Kd5 1-0

[Event "5th HD Bank Cup 2015"]
[Site "Ho Chi Minh City VIE"]
[Date "2015.03.19"]
[Round "4.10"]
[White "Karthikeyan, P."]
[Black "Hoang, Thi Bao Tram"]
[Result "1-0"]
[WhiteTitle "IM"]
[BlackTitle "WGM"]
[WhiteElo "2452"]
[BlackElo "2303"]
[WhiteFideId "5018226"]
[BlackFideId "12401102"]
[EventDate "2015.03.17"]

1. d4 d5 2. c4 c6 3. Nc3 e6 4. e3 Nf6 5. Nf3 Nbd7 6. Qc2 a6 7. c5 Qe7 8. b4 e5
9. Be2 e4 10. Nd2 g6 11. a4 Bg7 12. Nb3 O-O 13. Bd2 Ne8 14. h4 Nc7 15. O-O-O Nf6
16. h5 gxh5 17. f4 Bg4 18. Be1 Qe6 19. Bh4 Nd7 20. Rh2 f5 21. Rdh1 h6 22. Kd2
Rf7 23. Ra1 Qe8 24. Rhh1 Ne6 25. Bf1 Qb8 26. Ne2 b6 27. Rb1 bxc5 28. bxc5 Qc7
29. Be1 Rb8 30. Kc1 Bf6 31. Ba5 Qa7 32. Kd2 Rff8 33. Nec1 h4 34. Na2 Rb7 35. Nb4
Qa8 36. Qc3 Ra7 37. Bb6 a5 38. Nxc6 Qxc6 39. Bxa7 Qc7 40. Qxa5 Qb7 41. Bb6 Ra8
42. Qb5 Nxb6 43. Qxb6 Qf7 44. Bb5 Rd8 45. Kc2 Be7 46. Kb2 Qf6 47. Ka2 Bh5 48.
Rhc1 Kg7 49. c6 Bd6 50. c7 Bxc7 51. Rxc7+ Nxc7 52. Qxc7+ Bf7 53. Qe5 Rg8 54. a5
Qxe5 55. fxe5 Kh7 56. Rb2 Ra8 57. a6 f4 58. exf4 Kg6 59. Nc5 1-0

[Event "5th HD Bank Cup 2015"]
[Site "Ho Chi Minh City VIE"]
[Date "2015.03.19"]
[Round "4.11"]
[White "Tran, Quoc Dung"]
[Black "Nguyen, Van Huy"]
[Result "0-1"]
[BlackTitle "IM"]
[WhiteElo "2288"]
[BlackElo "2452"]
[WhiteFideId "12400645"]
[BlackFideId "12401064"]
[EventDate "2015.03.17"]

1. d4 Nf6 2. Nf3 d5 3. c4 e6 4. Nc3 Bb4 5. a3 Bxc3+ 6. bxc3 Nbd7 7. e3 c5 8. Qc2
O-O 9. cxd5 exd5 10. c4 cxd4 11. Nxd4 Nc5 12. Be2 Bg4 13. O-O Rc8 14. f3 Bd7 15.
cxd5 Nxd5 16. Qd2 Qb6 17. Kh1 Na4 18. Bd3 Ndc3 19. Qf2 Nc5 20. Bxh7+ Kxh7 21.
Qc2+ N5e4 22. fxe4 Qg6 23. Rf4 Kg8 24. Qb3 Nxe4 25. Qxb7 Bc6 26. Nxc6 Rxc6 27.
Bb2 Nc5 28. Qxa7 Nd3 29. Bd4 Nxf4 30. exf4 Qe4 31. a4 Rc2 32. Bf2 Qxf4 33. Rf1
Qc4 34. Rg1 Qd5 35. Be3 Re8 36. a5 Ra8 37. Qb6 Rxa5 38. Qb8+ Kh7 39. Qg3 Ra8 40.
h3 Qe4 41. Bf4 Qg6 42. Qf3 Rac8 43. Be5 Re8 44. Bd4 Ree2 45. Ba7 Qe4 46. Qg3 Rc6
47. Bb8 Rg6 48. Qh2 Rgxg2 49. Rxg2 Re1+ 50. Qg1 Rxg1+ 51. Kxg1 Qb1+ 0-1

[Event "5th HD Bank Cup 2015"]
[Site "Ho Chi Minh City VIE"]
[Date "2015.03.19"]
[Round "4.12"]
[White "Torre, Eugenio"]
[Black "Tin, Jingyao"]
[Result "1/2-1/2"]
[WhiteTitle "GM"]
[BlackTitle "FM"]
[WhiteElo "2449"]
[BlackElo "2326"]
[WhiteFideId "5200016"]
[BlackFideId "5804418"]
[EventDate "2015.03.17"]

1. d4 Nf6 2. Nf3 e6 3. Bf4 b6 4. e3 Bb7 5. Bd3 Be7 6. c4 Nh5 7. Bg3 Nxg3 8. hxg3
d5 9. Nc3 dxc4 10. Bxc4 Nd7 11. Qc2 g6 12. O-O-O Bxf3 13. gxf3 c6 14. Kb1 b5 15.
Bd3 Rc8 16. f4 Nf6 17. e4 Kf8 18. e5 Nd5 19. Nxd5 cxd5 20. Qd2 Qb6 21. f5 gxf5
22. Qh6+ Ke8 23. Qg7 Kd7 24. Rxh7 Rxh7 25. Qxh7 Rf8 26. Be2 b4 27. g4 fxg4 28.
Bxg4 b3 29. axb3 Qxb3 30. Rd3 Qb4 31. Rc3 Qxd4 32. Be2 Rb8 33. Qc2 Bd8 34. Rf3
Qe4 35. Rxf7+ Be7 36. f4 Qxc2+ 37. Kxc2 Rf8 38. Bb5+ Kd8 39. Rxf8+ 1/2-1/2

[Event "5th HD Bank Cup 2015"]
[Site "Ho Chi Minh City VIE"]
[Date "2015.03.19"]
[Round "4.13"]
[White "Htay Min Lwin"]
[Black "Pascua, Haridas"]
[Result "0-1"]
[BlackTitle "IM"]
[WhiteElo "2286"]
[BlackElo "2423"]
[WhiteFideId "13001795"]
[BlackFideId "5203953"]
[EventDate "2015.03.17"]

1. c4 g6 2. Nc3 Bg7 3. d4 Nf6 4. e4 d6 5. f3 O-O 6. Be3 c5 7. dxc5 dxc5 8. Qxd8
Rxd8 9. Bxc5 Nc6 10. Rd1 Rxd1+ 11. Kxd1 Nd7 12. Be3 Bxc3 13. bxc3 Nde5 14. f4
Ng4 15. Ke2 Be6 16. Kf3 Rd8 17. Be2 Nxe3 18. Kxe3 Na5 19. Nf3 Nxc4+ 20. Bxc4
Bxc4 21. Ne5 Ba6 22. Rc1 f6 23. Nf3 Rd3+ 24. Kf2 Bc4 25. Rc2 Rd1 26. Nd2 b5 27.
Ke3 Be6 28. c4 bxc4 29. Nxc4 Ra1 30. Kd4 Rd1+ 31. Kc3 Re1 32. Kd3 Rxe4 33. Kxe4
Bf5+ 34. Kd4 Bxc2 35. Nb2 Kf7 36. a4 Ke6 37. a5 Kd6 38. Nc4+ Kc6 39. g3 Bf5 40.
Ne3 Be6 41. g4 Bf7 42. f5 e5+ 43. fxe6 Bxe6 44. h4 Kb5 45. g5 fxg5 46. hxg5 Kxa5
47. Ke5 Bb3 48. Ng4 Kb4 49. Kd4 Bc4 50. Ne3 Be6 51. Ke5 Bb3 52. Kd4 a5 53. Ng4
Bc4 54. Ne3 Be6 55. Nd1 a4 56. Nb2 Bf5 0-1

[Event "5th HD Bank Cup 2015"]
[Site "Ho Chi Minh City VIE"]
[Date "2015.03.19"]
[Round "4.14"]
[White "Karavade, Eesha"]
[Black "Nay Oo Kyaw Tun"]
[Result "1-0"]
[WhiteTitle "IM"]
[BlackTitle "IM"]
[WhiteElo "2405"]
[BlackElo "2292"]
[WhiteFideId "5012600"]
[BlackFideId "13000110"]
[EventDate "2015.03.17"]

1. Nf3 d5 2. g3 Nf6 3. Bg2 c6 4. O-O Bf5 5. c4 e6 6. cxd5 exd5 7. d3 Be7 8. Be3
O-O 9. Qb3 Bc8 10. Nc3 Na6 11. Rac1 Re8 12. h3 Bd6 13. Bd4 Nc5 14. Qc2 Ne6 15.
Bxf6 Qxf6 16. e4 dxe4 17. dxe4 Ng5 18. Nxg5 Qxg5 19. Kh2 Qe7 20. f4 f6 21. e5
fxe5 22. f5 e4 23. Nxe4 Be5 24. Rce1 Rf8 25. Qb3+ Kh8 26. Ng5 Qxg5 27. Rxe5 Qf6
28. Qe3 Bd7 29. g4 Rfe8 30. Re1 Rxe5 31. Qxe5 Qxe5+ 32. Rxe5 Kg8 33. Kg3 Kf8 34.
Kf4 h6 35. h4 Rd8 36. Bf3 Be8 37. Ke3 Rd6 38. a3 Bf7 39. g5 Bc4 40. Be4 hxg5 41.
hxg5 Bb3 42. Bf3 b6 43. Kf4 a5 44. Re3 a4 45. Bh5 Rd8 46. Bf3 Rd6 47. Ke5 Ke7
48. Be4 c5 49. Rd3 Rxd3 50. Bxd3 Bf7 51. Bb5 Bb3 52. Bc6 c4 53. f6+ gxf6+ 54.
gxf6+ Kf8 55. Bd5 b5 56. Kd4 Ba2 57. Kc3 Bb3 58. Bc6 Kf7 59. Bxb5 Kxf6 60. Kb4
Ke5 61. Bxa4 Ba2 62. Kc5 Ke6 63. Bb5 c3 64. bxc3 Ke7 65. Kc6 Kd8 66. Kb7 Bd5+
67. Bc6 Bc4 68. a4 Ke7 69. Kc7 1-0

[Event "5th HD Bank Cup 2015"]
[Site "Ho Chi Minh City VIE"]
[Date "2015.03.19"]
[Round "4.16"]
[White "Sadorra, Julio Catalino"]
[Black "Nguyen, Thi Mai Hung"]
[Result "1-0"]
[WhiteTitle "GM"]
[BlackTitle "WGM"]
[WhiteElo "2548"]
[BlackElo "2248"]
[WhiteFideId "5201268"]
[BlackFideId "12401676"]
[EventDate "2015.03.17"]

1. d4 d5 2. c4 c6 3. Nc3 e6 4. Nf3 dxc4 5. g3 Nf6 6. Bg2 b5 7. Ne5 Nd5 8. e4
Nxc3 9. bxc3 Be7 10. O-O O-O 11. d5 f6 12. Nxc6 Nxc6 13. dxc6 Qxd1 14. Rxd1 e5
15. Rb1 a6 16. Be3 Rd8 17. Bb6 Re8 18. c7 Kf7 19. Rd2 g5 20. f4 Bb7 21. fxe5
fxe5 22. Rf1+ Kg6 23. Ba5 Bc5+ 24. Kh1 Rac8 25. Rd8 g4 26. Rf5 Re6 27. h3 Bd6
28. hxg4 b4 29. cxb4 c3 30. Rf1 Be7 31. Rd3 Rc6 32. b5 axb5 33. Bxc3 Bd6 34. Rd5
Rxc3 35. Rxd6+ Kg5 36. Kh2 Rc2 37. Kh3 1-0

[Event "5th HD Bank Cup 2015"]
[Site "Ho Chi Minh City VIE"]
[Date "2015.03.19"]
[Round "4.17"]
[White "Gomez, John Paul"]
[Black "Nguyen, Anh Khoi"]
[Result "1-0"]
[WhiteTitle "GM"]
[BlackTitle "FM"]
[WhiteElo "2524"]
[BlackElo "2239"]
[WhiteFideId "5201381"]
[BlackFideId "12404675"]
[EventDate "2015.03.17"]

1. c4 e5 2. Nc3 Nc6 3. g3 g6 4. Bg2 Bg7 5. e3 d6 6. d3 Nh6 7. Nge2 O-O 8. O-O
Be6 9. Rb1 Qd7 10. b3 Bh3 11. e4 Bxg2 12. Kxg2 f5 13. f3 Ne7 14. b4 a6 15. a4
Nf7 16. b5 axb5 17. axb5 c5 18. Be3 g5 19. exf5 Nxf5 20. Qd2 g4 21. fxg4 Nxe3+
22. Qxe3 Qxg4 23. Qf3 Qxf3+ 24. Rxf3 e4 25. Nxe4 Ra2 26. Kf1 Ne5 27. Rxf8+ Bxf8
28. N4c3 Rd2 29. Ra1 Rxd3 30. Ra7 Rf3+ 31. Kg2 Rf7 32. Ra4 Bh6 33. Ne4 Ng4 34.
Nxd6 Ne3+ 35. Kh3 Re7 36. Ra8+ Kg7 37. Re8 Rxe8 38. Nxe8+ Kg6 39. Nd6 Bf8 40.
Nxb7 Nxc4 41. Nc3 Kf5 42. Na4 Nd6 43. Nxd6+ Bxd6 44. Kh4 Ke4 45. Kg5 Kd4 46. b6
Kc4 47. b7 Kb5 48. Nc3+ Kc6 49. Ne4 Be7+ 50. Kf5 Kxb7 51. Ke6 Bd8 52. Nxc5+ Kc6
53. Ne4 Bc7 54. Nf6 h6 55. Kf5 Bb8 56. Kg6 Kd6 57. Kxh6 Ke7 58. Kg5 Kf7 59. Kf5
Kg7 60. h4 Kh8 61. g4 Ba7 62. g5 Be3 63. Kg6 Bc1 64. Ne4 Ba3 65. h5 Bb4 66. Kf7 1-0

[Event "5th HD Bank Cup 2015"]
[Site "Ho Chi Minh City VIE"]
[Date "2015.03.19"]
[Round "4.18"]
[White "Cao, Sang"]
[Black "Vo, Thi Kim Phung"]
[Result "1-0"]
[WhiteTitle "GM"]
[BlackTitle "WIM"]
[WhiteElo "2480"]
[BlackElo "2197"]
[WhiteFideId "725056"]
[BlackFideId "12401838"]
[EventDate "2015.03.17"]

1. e4 c5 2. Nf3 e6 3. Nc3 a6 4. g3 d6 5. Bg2 Nc6 6. O-O Nge7 7. d3 g6 8. Be3 Bg7
9. Qd2 Nd4 10. Ne1 Nec6 11. Bh6 O-O 12. Bxg7 Kxg7 13. Nd1 Nb5 14. Ne3 Nc7 15. f4
f5 16. Nf3 d5 17. exd5 exd5 18. d4 c4 19. Rfe1 Be6 20. h4 h5 21. Nd1 Bg8 22. Nf2
Qd6 23. Ne5 Rae8 24. c3 b5 25. Re3 Be6 26. Rae1 Nd8 27. Nh3 Nf7 28. Nxf7 Rxf7
29. Ng5 Rfe7 30. Qe2 Kf8 31. Re5 Bg8 32. Bf3 Rxe5 33. fxe5 Qd7 34. Rf1 Bf7 35.
Nh7+ Kg7 36. Nf6 Qc6 37. Nxe8+ Qxe8 38. Qe3 Qe7 39. b4 Be6 40. Ra1 Bd7 41. Kf2
Bc6 42. e6 Qxe6 43. Qf4 Ne8 44. Re1 Qf7 45. Kg1 Bd7 46. Kg2 Kh7 47. Qe5 Nf6 48.
Kg1 Ne4 49. Bxe4 fxe4 50. Rf1 Bf5 51. Rf4 Qd7 52. a3 Kh6 53. Qh8+ Qh7 54. Qf6
Qd7 55. Rxf5 1-0